000 00916nam a22003137a 4500
001 BR2014000116
003 BR-BrBNA
005 20230928104341.0
007 ta
008 230509b bl.||||| |||| 00| 0 por d
040 _aBR-BrBNA
_bpor
_cBiblioteca Nacional de Agricultura
041 _a(Por)
072 _aF04; D10
090 _ F04 BR2014000116
100 1 _aSilva, E.E. da
110 1 _aUniversidade Federal de Lavras, MG (Brasil)
_0Tese (Mestrado)
245 1 _aGestão de resíduos sólidos na microrregião de Lavras-MG
260 3 _aLavras, MG (Brasil):
_c2013.
300 _a148 p.
500 _aSummaries (Eng, Por); Bibliography p. 113-119; 37 illus.; 18 tables
650 _aRESÍDUO SÓLIDO
650 _aGESTÃO
650 _aPOLÍTICA NACIONAL
650 _aRECICLAGEM
650 _aHISTÓRIA
650 _aMINAS GERAIS
909 _a202309
_bLucia
_c55
_dLucia Elande
942 _cBK
999 _c79438
_d79438